000 01107nma a22002417a 4500
005 20210325214406.0
006 g q ||
008 s2558 th tha d
041 _atha
090 _aCD2588
245 1 0 _aวารสารศาลรัฐธรรมนูญ ปีที่ 17 เล่มที่ 50 เดือนพฤษภาคม-สิงหาคม พ.ศ. 2558 [CD-ROM]
260 3 _aกรุงเทพฯ :
_bสำนักงานศาลรัฐธรรมนูญ,
_c2558
300 _a1 แผ่น :
_b Col.
610 _aสำนักงานศาลรัฐธรรมนูญ
650 0 4 _aองค์กรอิสระ -- อำนาจหน้าที่
650 0 4 _aองค์กรอิสระ
650 0 4 _aวารสาร
650 0 4 _aศาลรัฐธรรมนูญ
850 _aNALT
942 _cCD
997 _c000000000076490
_kVC
998 _aนายนายสมเกียรติ หะรังศรี
999 _c76490
_d76490